<?xml version="1.0" encoding="UTF-8"?><?xml-stylesheet type="text/xsl" href="static/style.xsl"?><OAI-PMH xmlns="http://www.openarchives.org/OAI/2.0/" xmlns:xsi="http://www.w3.org/2001/XMLSchema-instance" xsi:schemaLocation="http://www.openarchives.org/OAI/2.0/ http://www.openarchives.org/OAI/2.0/OAI-PMH.xsd"><responseDate>2026-04-18T21:10:01Z</responseDate><request verb="GetRecord" identifier="oai:riubu.ubu.es:10259/6388" metadataPrefix="marc">https://riubu.ubu.es/oai/request</request><GetRecord><record><header><identifier>oai:riubu.ubu.es:10259/6388</identifier><datestamp>2022-03-23T10:39:47Z</datestamp><setSpec>com_10259_3847</setSpec><setSpec>com_10259_5086</setSpec><setSpec>com_10259_2604</setSpec><setSpec>com_10259_5495</setSpec><setSpec>col_10259_3848</setSpec><setSpec>col_10259_5496</setSpec></header><metadata><record xmlns="http://www.loc.gov/MARC21/slim" xmlns:doc="http://www.lyncode.com/xoai" xmlns:xsi="http://www.w3.org/2001/XMLSchema-instance" xmlns:dcterms="http://purl.org/dc/terms/" xsi:schemaLocation="http://www.loc.gov/MARC21/slim http://www.loc.gov/standards/marcxml/schema/MARC21slim.xsd">
<leader>00925njm 22002777a 4500</leader>
<datafield tag="042" ind1=" " ind2=" ">
<subfield code="a">dc</subfield>
</datafield>
<datafield tag="720" ind1=" " ind2=" ">
<subfield code="a">Yartu González, Mercedes Esther de</subfield>
<subfield code="e">author</subfield>
</datafield>
<datafield tag="720" ind1=" " ind2=" ">
<subfield code="a">Cambra Baseca, Carlos</subfield>
<subfield code="e">author</subfield>
</datafield>
<datafield tag="720" ind1=" " ind2=" ">
<subfield code="a">Navarro González, Milagros</subfield>
<subfield code="e">author</subfield>
</datafield>
<datafield tag="720" ind1=" " ind2=" ">
<subfield code="a">Rad Moradillo, Juan Carlos</subfield>
<subfield code="e">author</subfield>
</datafield>
<datafield tag="720" ind1=" " ind2=" ">
<subfield code="a">Arroyo Puente, Ángel</subfield>
<subfield code="e">author</subfield>
</datafield>
<datafield tag="720" ind1=" " ind2=" ">
<subfield code="a">Herrero, Alvaro</subfield>
<subfield code="e">author</subfield>
</datafield>
<datafield tag="260" ind1=" " ind2=" ">
<subfield code="c">2022-03</subfield>
</datafield>
<datafield tag="520" ind1=" " ind2=" ">
<subfield code="a">It is widely acknowledged that, under the frame of sustainable farming, using the minimum water resources is a relevant requirement. In order to do that, precision irrigation aims at identifying the irrigation needs of plantations and irrigate accordingly. Artificial intelligence is a promising solution in this field as intelligent models are able to learn the soil moisture dynamics in the soil-plant-atmosphere system and then generating appropriate irrigation scheduling. This is a complex task as the phenology of plants and its water demand vary with soil properties and weather conditions. The present research contributes to this challenging task by proposing the application of neural networks in order to learn the time-series evolution of irrigation needs associated to a potato plantation. Several of such models are thoroughly compared, together with different interpolation methods, in order to find the best combination for accurately forecasting water needs. In order to predict the soil water content in a potato field crop, in which soil humidity probes were installed at 15, 30, and 45 cm depth during the whole cycle of a potato crop. This innovative study and its promising results provide with significant contributions to address the problem of predicting and managing groundwater for agricultural use in a sustainable way.</subfield>
</datafield>
<datafield tag="024" ind2=" " ind1="8">
<subfield code="a">1877-7503</subfield>
</datafield>
<datafield tag="024" ind2=" " ind1="8">
<subfield code="a">http://hdl.handle.net/10259/6388</subfield>
</datafield>
<datafield tag="024" ind2=" " ind1="8">
<subfield code="a">10.1016/j.jocs.2021.101547</subfield>
</datafield>
<datafield ind1=" " ind2=" " tag="653">
<subfield code="a">Precision irrigation</subfield>
</datafield>
<datafield ind1=" " ind2=" " tag="653">
<subfield code="a">Potato crop</subfield>
</datafield>
<datafield ind1=" " ind2=" " tag="653">
<subfield code="a">Time series forecast</subfield>
</datafield>
<datafield ind1=" " ind2=" " tag="653">
<subfield code="a">Supervised learning</subfield>
</datafield>
<datafield ind1=" " ind2=" " tag="653">
<subfield code="a">Neural networks</subfield>
</datafield>
<datafield ind1=" " ind2=" " tag="653">
<subfield code="a">Interpolation</subfield>
</datafield>
<datafield tag="245" ind1="0" ind2="0">
<subfield code="a">Humidity forecasting in a potato plantation using time-series neural models</subfield>
</datafield>
</record></metadata></record></GetRecord></OAI-PMH>